000 00775cam a2200265 4500500
005 20260405004040.0
041 _afre
042 _adc
100 1 0 _aLarmagnac-Matheron, Octave
_eauthor
700 1 0 _aHytte, Naomi
_eauthor
245 0 0 _aDialogues socratiques
260 _c2020.
500 _a10
690 _aAllégorie de la caverne
690 _aBeau
690 _aGorgias
690 _aJustice
690 _aPlaton
690 _aProtagoras
690 _aRhétorique
690 _aSocrate
690 _aSophistes
786 0 _nPhilosophie magazine - Hors séries | Hors-série - Été 2020 | HS45 | 2020-05-01 | p. 5-5 | 2104-9246
856 4 1 _uhttps://shs.cairn.info/magazine-philosophie-magazine-2020-hs45-page-5?lang=fr&redirect-ssocas=7080
999 _c2073210
_d2073210